[Event "EYCC Open U18 2018"]
[Site "Riga"]
[Date "2018.08.26"]
[Round "6"]
[White "Warmerdam, Max"]
[Black "Mesaros, Florian"]
[Result "0-1"]
[WhiteElo "2421"]
[BlackElo "2422"]
[Annotator "TA"]
[PlyCount "90"]
[EventDate "2018.08.20"]
[EventType "swiss"]
[EventCountry "LAT"]
[SourceTitle "playchess.com"]
[Source "ChessBase"]
[SourceQuality "1"]

{[%evp 19,90,15,27,0,6,7,0,0,12,12,14,15,0,-23,-24,-31,-39,-111,-55,-50,-54,-50,-62,-77,-81,-94,-86,-91,-111,-108,-118,-100,-62,-168,-145,-188,-186,-189,-177,-193,-77,-177,-151,-135,-112,-167,-75,-80,-72,-77,-75,-133,-134,-145,-106,-106,-13,-18,0,0,0,-139,-134,-108,-127,-118,-71,-333,-289,-868,-837,-757,-769]} 1. e4 c6 2. d4 d5 3. e5 Bf5 4. Nf3 e6 5. Be2 Nd7 6. O-O h6 7. Nbd2 Ne7 {B12: Caro-Kann: Advance Variation} 8. Nb3 g5 (8... Bg6 9. a4 a5 10. c3 Nf5 11. Ne1 Be7 12. Nd3 O-O 13. f4 b6 14. g4 Nh4 {1-0 (41) Rodshtein,M (2678)-Riazantsev,A (2662) Sochi 2018}) 9. Ne1 Qc7 10. Nd3 Ng6 {LiveBook: 18 Games} 11. Bg4 Bxg4 12. Qxg4 c5 13. Nbxc5 Nxc5 14. dxc5 Bxc5 15. Qa4+ $146 Kf8 16. Be3 Bxe3 17. fxe3 Kg7 $36 {[%mdl 2048] Black has the initiative.} 18. e4 (18. Rf2 $1 $15) 18... Qc6 ({Much worse is} 18... Nxe5 $6 19. Qd4 $11) (18... Rhd8 $1 $17 19. Rae1 Qc4) 19. Qxc6 $15 bxc6 20. exd5 cxd5 21. Rac1 Rhc8 22. Kf2 Rc4 23. b3 Rc3 24. Ke2 Rac8 25. Kd2 h5 26. Rfe1 (26. Rf2 $15) 26... Nh4 $1 $19 27. Re2 Nf5 28. Ne1 a5 {[%cal Ba7a5,Ba5a4][%mdl 32]} 29. Rf2 Nd4 (29... d4 $1 $19 {is more deadly.} 30. Nf3 Kg6) 30. Kd1 {[#]} (30. Rf1 $17) 30... a4 $1 {[%cal Ra4b3][%mdl 512]} 31. Nf3 (31. bxa4 R8c4) 31... Nc6 ({And not} 31... axb3 32. Nxd4 bxa2 33. Ra1 $14) 32. Kd2 (32. Nxg5 $17 Nxe5 33. Kd2) 32... d4 (32... Nb4 $1 $19 {Threatens to win with ...axb3.} 33. Nd4 Nxa2) 33. Nxg5 $17 Nxe5 {White must now prevent ...axb3.} 34. Ne4 R3c6 35. h3 ({Better is} 35. Ng3) 35... f5 36. Ng3 Kg6 37. Ne2 Rd6 (37... axb3 $17 38. axb3 Nd7) 38. Nf4+ $11 Kg5 39. Re1 $1 {[%cal Re1e5]} Rc5 40. Ree2 (40. g3 $1 $11 {remains equal.}) 40... axb3 41. axb3 h4 $1 42. Re1 Ra6 43. Ne2 $2 {[%mdl 8192] [#]} (43. Ra1 $17 {keeps fighting.} Rxc2+ 44. Kxc2 Rxa1 45. Nxe6+ Kf6 46. Kb2) 43... Nc6 $1 $19 44. Nf4 $2 {[#]} (44. Rc1) 44... Nb4 $1 45. Rc1 e5 {Precision: White = 33%, Black = 64%.} 0-1

[Event "EYCC Open U18 2018"]
[Site "Riga"]
[Date "2018.08.26"]
[Round "6"]
[White "Vykouk, Jan"]
[Black "Kowalski, Igor"]
[Result "1-0"]
[WhiteElo "2413"]
[BlackElo "2294"]
[Annotator "TA"]
[PlyCount "69"]
[EventDate "2018.08.20"]
[EventType "swiss"]
[EventCountry "LAT"]
[SourceTitle "playchess.com"]
[Source "ChessBase"]
[SourceQuality "1"]

{[%evp 18,69,8,7,10,8,20,22,16,13,27,31,33,25,44,4,12,-9,0,0,0,-33,-16,-22,0,-3,0,-39,0,0,0,-1,0,0,23,21,86,81,78,70,107,108,200,195,319,304,485,479,560,558,527,518,485,492]} 1. e4 c6 2. Nc3 d5 3. Nf3 Bg4 4. h3 Bxf3 5. Qxf3 e6 6. g3 Nf6 7. Bg2 Nbd7 8. d3 {B11: Caro-Kann: Two Knights Variation} (8. d4 dxe4 9. Nxe4 Nxe4 10. Qxe4 Nf6 11. Qd3 Be7 12. O-O O-O 13. Re1 Qb6 14. c3 Rfd8 15. Qe2 a5 {½-½ (47) Neiksans,A (2620)-Chigaev,M (2550) Liepaja 2016}) 8... Bb4 9. Bd2 d4 10. Nb1 $1 {LiveBook: 4 Games. The position is equal.} Be7 11. O-O O-O $146 ({Predecessor:} 11... Qb6 12. Bc1 O-O-O 13. Nd2 Ne5 14. Qe2 g5 15. a4 h6 16. b3 Nfd7 {½-½ (70) Barry,R-Burn,M USA 1982}) 12. Qe2 e5 13. a4 Ne8 14. Na3 Nd6 15. f4 a5 16. Qf2 f6 17. Bf3 {[%cal Bg2f3,Bf3g4,Bg4e6,Be6b3,Bb3d5][%mdl 32]} b5 18. axb5 cxb5 19. Bg4 Nc5 20. b4 axb4 21. Bxb4 Qc7 22. Rae1 Ra4 23. Bxc5 $1 Qxc5 24. Be6+ Kh8 25. Nb1 g6 26. Bb3 Rb4 (26... Ra1 $11) 27. Nd2 $16 Nb7 28. Bd5 Na5 29. Nb3 Nxb3 (29... Qc7 $16) 30. cxb3 $18 ({Don't do} 30. Bxb3 $6 exf4 31. gxf4 (31. Qxf4 Bd6 $14) 31... Qc3 $16) 30... Qc3 (30... exf4 $142 31. Qxf4 (31. gxf4 f5 $14) 31... Qc3) 31. Qe2 {And now Rc1 would win.} exf4 (31... Rxb3 $142 32. Bxb3 Qxb3 33. fxe5 fxe5) 32. Rc1 {White is clearly winning.} f3 33. Qd1 Qb2 {[%csl Gf3][%cal Rb2g2] [#]} 34. Rf2 Qa3 35. Ra1 {Precision: White = 69%, Black = 33%.} 1-0

[Event "EYCC Open U18 2018"]
[Site "Riga"]
[Date "2018.08.26"]
[Round "6"]
[White "Sousa, Andre Ventura"]
[Black "Nguyen, Thai Dai Van"]
[Result "1/2-1/2"]
[WhiteElo "2376"]
[BlackElo "2548"]
[Annotator "TA"]
[PlyCount "196"]
[EventDate "2018.08.20"]
[EventType "swiss"]
[EventCountry "LAT"]
[SourceTitle "playchess.com"]
[Source "ChessBase"]
[SourceQuality "1"]

{[%evp 24,195,20,25,28,16,18,0,9,-7,0,16,0,-34,-40,-29,-35,-70,-70,-67,-61,-72,-63,-71,-29,-97,-91,-93,-82,-202,-213,-225,-201,-302,-302,-308,-284,-386,-379,-567,-566,-552,-528,-493,0,0,114,125,464,444,388,58,63,0,0,0,0,-158,0,-73,-73,-73,0,-73,-73,-73,-73,-73,-72,-74,-75,-75,-75,-75,-75,-75,-78,-93,-90,-131,0,0,0,-135,-121,-108,-120,-131,-121,-175,-85,-101,-115,-100,-59,-100,-68,-84,-14,-18,-8,-8,-8,-8,-8,-384,-436,-436,-434,-412,-408,-387,-318,-337,-8,-8,-8,-8,-8,-8,-8,-8,-8,-8,0,-8,0,-8,-8,-789,-766,-670,-487,-624,-595,-6621,-1376,-29966,-29960,-29955,0,-29965,-29966,-29966,-29967,-29966,-29961,-29976,-29963,-12817,-12722,-29967,-29967,-29970,-29969,-29969,-29970,-5413,-8,-29978,-29971,-1947,0,-29978,-29977,-29982,-29983,-29981,-8,-8,-8,-10,0,0]} 1. e4 c5 2. Nf3 d6 3. d4 cxd4 4. Nxd4 Nf6 5. Nc3 a6 6. f3 e5 7. Nb3 Be6 8. Be3 h5 9. Nd5 {B90: Sizilianisch (Najdorf-Variante, Abweichungen)} Bxd5 10. exd5 Nbd7 11. Qd2 g6 12. Be2 Bg7 13. O-O {LiveBook: 60 Partien} b6 (13... a5 14. a4 O-O 15. Bb5 Qc7 16. c4 b6 17. h3 Nc5 18. Nxc5 bxc5 {½-½ (49) Carlsen,M (2842)-Vachier Lagrave,M (2779) Biel 2018}) 14. c4 O-O 15. Rac1 Re8 16. Rfe1 Rc8 $146 ({Vorgänger:} 16... Nh7 17. Bd3 Bf6 {½-½ (30) Merrheim,X (2377)-Stanojevic,S (2415) ICCF email 2014}) 17. h3 Nh7 18. c5 bxc5 19. Na5 e4 20. f4 {[#]} Bxb2 $1 {[%mdl 512]} 21. Rb1 {[#]} (21. Qxb2 Qxa5) 21... Bd4 $1 {[%cal Rd4e3]} 22. Nc6 (22. Bxd4 cxd4) 22... Bxe3+ 23. Qxe3 Qh4 24. Bxa6 (24. Red1 $11) 24... Ra8 $36 {[%mdl 2048] Schwarz ist am Drücker.} 25. Bc4 Ra4 26. Qb3 (26. Bb3 $17 Ra3 27. Qc1) 26... Rea8 $19 27. Rxe4 Rxa2 28. Qxa2 (28. Qf3 {ist eine bessere Verteidigung.} Nhf6 29. Bxa2 Nxe4 30. Qxe4 Rxa2 31. Qe3) 28... Rxa2 29. Bxa2 Nhf6 30. Ra4 Qg3 31. Rf1 (31. Nd8 {war einen Versuch wert.} Qe3+ 32. Kh1) 31... Nb6 32. Ra7 c4 33. f5 {Droht stark fxg6.} Nbxd5 $2 ({Besser ist} 33... g5 $19 34. Ne7+ Kf8 35. Ng6+ Kg7) 34. fxg6 $11 Qe3+ (34... Nf4 $11 35. Rxf4 Qxf4 36. Rxf7 Qc1+ 37. Kh2 Nd5) 35. Kh2 $16 Qe2 $2 {[%mdl 8192]} (35... Qc5 $16 {ist eine bessere Chance.} 36. Ra8+ (36. gxf7+ Kg7 $16) 36... Kg7 37. gxf7 Kxf7) 36. gxf7+ $18 Kg7 37. Rf5 $2 (37. Rf3 $1 $18) 37... Qe4 $1 $14 {[%cal Re4f5]} 38. Rg5+ ({Lieber} 38. Rf3 $14) 38... Kf8 $11 39. Ra8+ Kxf7 40. Nd8+ $2 ({Weiss braucht} 40. Ra7+ $1 $11 Kf8 41. Rgg7) 40... Ke8 $2 {[#]} (40... Kf8 $1 $17 {Weiss muss nun ...Se3 beachten.} 41. Rg3 Nb6) 41. Rg7 (41. Bb1 $1 $11 {[%mdl 512] bleibt in der Remisbreite.} Qf4+ (41... Qxb1 42. Rg7) 42. Kg1 Qc1+ 43. Kh2) 41... Qe5+ $17 42. Kh1 {[%cal Rd8e6]} ({Vergiftet wäre} 42. Rg3 $2 Kd7 $19) 42... Qe1+ 43. Kh2 {[%cal Rd8e6]} Nb6 $1 44. Rb8 {Droht Matt per Se6+.} Nfd7 $1 45. Rg8+ Ke7 46. Rg7+ Kf6 47. Rf7+ Kg5 48. Rg7+ Kh6 49. Rg3 {Weiss will mit Sf7+ Matt setzen.} Nxb8 50. Nf7+ Kh7 51. Ng5+ Kh8 52. Nf7+ Kh7 53. Ng5+ Kg7 54. Nf3+ {[#]} Qxg3+ $1 55. Kxg3 {[%mdl 4096] Endspiel KLS-KSS} Nc6 $1 56. Kf4 {[#]} (56. Bb1 $17) 56... Kf6 (56... Nd5+ $1 $19 57. Kg5 Ne3) 57. Ke3 Nd5+ 58. Kd2 c3+ 59. Kc1 Ne3 60. g4 $1 hxg4 (60... h4 $17 {Und weiter mit ...Se5 wäre nett.} 61. Bb1 Nb4 62. g5+ Ke7) 61. hxg4 $11 Nxg4 {Droht ...Se3 und aus.} (61... Ne5 {is interesting.} 62. g5+ Kg6 63. Nd4 Nd3+ 64. Kb1 Kxg5 65. Bb3 Nc5) 62. Kc2 $1 Nb4+ (62... Nge5 {is more complex.} 63. Ne1 Nb4+ 64. Kb3 Nec6 65. Bb1 Nd5) 63. Kxc3 Nxa2+ 64. Kc4 $2 {[%mdl 8192]} (64. Kd4 $1 $11) 64... Ne3+ $19 65. Kd4 Nf5+ 66. Kc4 Nc1 67. Kd5 Nb3 68. Kc4 Na5+ $2 ({Günstiger ist} 68... Nc5 $19 69. Kd5 Ke7) 69. Kd5 $11 Nb7 70. Kc6 $1 Nd8+ 71. Kd5 Nf7 72. Nd2 $1 Ne7+ 73. Kd4 Nf5+ 74. Kd5 Ne7+ 75. Kd4 Ke6 76. Nb3 $2 {[%mdl 8192]} (76. Ne4 $11) 76... Nc6+ $19 77. Ke3 Nfe5 78. Ke4 d5+ {[%cal Bd6d5,Bd5d4][%mdl 32]} 79. Ke3 Kf5 80. Nc5 Nc4+ 81. Kd3 N4e5+ 82. Ke3 $1 d4+ 83. Ke2 {[#]} Na5 $1 84. Kd2 Nac4+ 85. Ke2 Kf6 86. Kd1 Na5 87. Ke2 Ke7 88. Kd1 Kd6 89. Ne4+ Kc6 90. Nc3 Nb3 $2 (90... Nac4 $19 {...d3 ist eine echte Drohung.} 91. Ne4 Nd6) 91. Kc2 $2 {[%mdl 8192]} (91. Ne2 $11) 91... Na1+ 92. Kd2 Nb3+ 93. Kc2 Nc5 94. Ne2 d3+ 95. Kd1 Nf3 $2 (95... Nc4 {setzt Matt} 96. Ng3 Kd6 97. Nf1 Nb3 98. Ke1 Ke5 99. Kf2 Nc5 100. Kg2 Kf4 101. Kf2 Ne4+ 102. Ke1 Kf3 103. Nh2+ Ke3 104. Nf1+ Kd4 105. Kd1 Ne3+ 106. Nxe3 Kxe3 107. Kc1 Nf2 108. Kb2 d2 109. Kb3 d1=Q+ 110. Kc4 Qh5 111. Kb4 Kd3 112. Ka3 Kc3 113. Ka2 Qe2+ 114. Kb1 Qb2#) 96. Nf4 $11 {Die Stellung ist ausgeglichen.} d2 {( -> ...Se4)} 97. Ne2 Ne4 $2 {[%mdl 8192]} (97... Kd5 98. Ng1 Kc4) 98. Nd4+ $1 Nxd4 {Precision: Weiß = 48%, Schwarz = 57%.} 1/2-1/2

[Event "EYCC Open U18 2018"]
[Site "Riga"]
[Date "2018.08.26"]
[Round "6"]
[White "Mirzoyan, Davit T."]
[Black "Livaic, Leon"]
[Result "1-0"]
[WhiteElo "2364"]
[BlackElo "2495"]
[Annotator "TA"]
[PlyCount "91"]
[EventDate "2018.08.20"]
[EventType "swiss"]
[EventCountry "LAT"]
[SourceTitle "playchess.com"]
[Source "ChessBase"]
[SourceQuality "1"]

{[%evp 15,91,-2,4,-17,0,-13,-6,-11,22,20,20,16,15,25,24,7,0,11,18,0,0,-19,-7,-52,-43,-41,-44,-42,-43,-54,-46,-99,-58,-59,-64,-75,-54,-68,-51,-48,-45,-50,-49,-56,-43,-42,-47,-45,-50,-80,-69,-98,-94,-93,-43,-49,0,0,0,0,0,0,0,0,0,0,0,0,283,218,217,199,1435,1452,1401,1108,29991,29992]} 1. d4 Nf6 2. c4 e6 3. Nc3 Bb4 4. g3 Bxc3+ 5. bxc3 Nc6 6. Bg2 d6 7. Nf3 {[%cal Bg1f3,Bf3e1,Be1d3][%mdl 32]} O-O 8. O-O e5 {LiveBook: 18 Games} 9. d5 {E20: Nimzo-Indian: 4 g3 and 4 f3} (9. Bg5 h6 10. Bxf6 Qxf6 11. e3 Re8 12. Nd2 Bd7 13. c5 exd4 14. cxd4 dxc5 15. Ne4 Rxe4 16. Bxe4 cxd4 17. exd4 Nxd4 18. Bxb7 {0-1 (63) Smirnov,P (2576)-Khanin,S (2458) Khanty-Mansiysk 2017}) 9... Ne7 10. Ne1 $146 ({Predecessor:} 10. Nh4 Ng6 11. Nxg6 fxg6 12. e4 Qe7 13. Qd3 b6 14. f4 Nd7 15. Be3 Ba6 16. Bh3 Rae8 {½-½ (30) Kuemin,S (2197)-Leuba,D (2280) Switzerland 1999}) 10... Nd7 11. e4 {The position is equal.} f5 12. exf5 Nxf5 13. Nd3 Nf6 14. Re1 Re8 15. Rb1 b6 16. Rb2 Bd7 17. Qb3 Qe7 18. Rbe2 Qf7 19. f4 exf4 20. Nxf4 Rxe2 21. Rxe2 Re8 22. Qd1 Nh6 23. Qe1 (23. h3 $15) 23... Rxe2 24. Qxe2 Nhg4 25. Ne6 Bxe6 26. dxe6 Qh5 27. Bd5 {aiming for e7+.} c6 28. Bf3 {Black must now prevent Ba3.} Qc5+ 29. Kg2 $1 Ne5 30. Bg5 Kf8 (30... Nxf3 $2 31. Bxf6 Qh5 32. e7 $18 (32. Qxf3 Qxf3+ 33. Kxf3 gxf6 $11)) 31. Bxf6 $1 gxf6 32. Qe4 Qxc4 33. Qf5 Kg7 ({Don't play} 33... Qxa2+ $6 34. Kh3 $11) 34. Be4 Ng6 35. h4 $1 Qxa2+ 36. Kh3 Qa5 37. Qg4 $1 {h5 is the strong threat.} f5 38. Bxf5 {Strongly threatening h5.} Qa1 {[%cal Ra1h1]} 39. Be4 d5 40. Bg2 {And now Qd4+ would win.} Kf6 41. h5 Ne7 $2 {[%mdl 8192] [#]} (41... Qxc3 $11 42. hxg6 hxg6) 42. Qf4+ $1 $18 ({Don't blunder} 42. c4 $2 Qe5 $17) 42... Kxe6 {[#]} 43. Kh4 $1 {Bh3+ would kill now.} Kd7 $2 ({Of course not} 43... Nf5+ $6 44. Kg5 $16) (43... Ng8) 44. Bh3+ Ke8 45. Be6 {Intending Qf7+ and mate.} Qh1+ 46. Kg5 {Precision: White = 69%, Black = 64%.} 1-0

[Event "EYCC Open U18 2018"]
[Site "Riga"]
[Date "2018.08.26"]
[Round "6"]
[White "Ioannidis, Evgenios"]
[Black "Nothnagel, Marian Can"]
[Result "1-0"]
[WhiteElo "2343"]
[BlackElo "2338"]
[Annotator "NA"]
[PlyCount "67"]
[EventDate "2018.08.20"]
[EventType "swiss"]
[EventCountry "LAT"]
[SourceTitle "playchess.com"]
[Source "ChessBase"]
[SourceQuality "1"]
[TimeControl "40/5400+30:1800+30"]

1. c4 {[%emt 0:00:00]} e6 {[%emt 0:00:17]} 2. Nc3 {[%emt 0:01:41]} d5 {[%emt 0:00:45]} 3. d4 {[%emt 0:04:58]} Bb4 {[%emt 0:00:47]} 4. cxd5 {[%emt 0:05:51]} exd5 {[%emt 0:00:07]} 5. Qa4+ {[%emt 0:02:06]} Nc6 {[%emt 0:00:08]} 6. Nf3 {[%emt 0:01:04]} Nge7 {[%emt 0:02:23]} 7. Bf4 {[%emt 0:01:49]} O-O {[%emt 0:02:24]} 8. e3 {[%emt 0:00:12]} Bd7 {[%emt 0:01:20]} 9. Qb3 {[%emt 0:09:13]} a5 {[%emt 0:11:51]} 10. a3 {[%emt 0:12:19]} a4 {[%emt 0:02:24]} 11. Qc2 {[%emt 0:00:23]} Bf5 {[%emt 0:00:51]} 12. Bd3 {[%emt 0:00:40]} Bxc3+ $11 {[%emt 0:04:39]} 13. Qxc3 {[%emt 0:09:24]} Bxd3 {[%emt 0:00:35]} 14. Qxd3 {[%emt 0:00:05]} Ng6 {[%emt 0:00:10]} 15. Bg3 {[%emt 0:00:54]} Na5 {[%emt 0:04:13]} 16. Qb5 {[%emt 0:05:52]} c6 {[%emt 0:22:05]} 17. Qxa4 {[%emt 0:05:27]} Nc4 {[%emt 0:00:14]} 18. Qc2 {[%emt 0:10:49]} Qa5+ {[%emt 0:00:36]} 19. Nd2 {[%emt 0:00:05]} f5 {[%emt 0:01:14]} 20. O-O-O {[%emt 0:00:11]} b5 {[%emt 0:16:26]} 21. Nxc4 {[%emt 0:00:08]} bxc4 {[%emt 0:00:06]} 22. Bd6 {[%emt 0:00:22]} Rf7 {[%emt 0:00:32]} 23. f3 {[%emt 0:02:26]} Re8 {[%emt 0:00:12]} 24. Rhe1 {[%emt 0:00:49]} Qd8 {[%emt 0:00:50]} 25. Bb4 {[%emt 0:02:10]} Qg5 {[%emt 0:00:29]} 26. Kb1 {[%emt 0:01:44]} Nh4 {[%emt 0:10:10]} 27. e4 {[%emt 0:00:47]} fxe4 {[%emt 0:07:56]} 28. fxe4 {[%emt 0:00:03]} g6 {[%emt 0:00:40]} 29. Re2 {[%emt 0:11:40]} Rxe4 {[%emt 0:05:34]} 30. Rxe4 {[%emt 0:00:04]} dxe4 {[%emt 0:00:05]} 31. Qxe4 {[%emt 0:00:05]} Nxg2 {[%emt 0:01:52]} 32. Rg1 {[%emt 0:03:49]} Qe3 {[%emt 0:03:24]} 33. Qxg2 {[%emt 0:01:13]} Rf2 {[%emt 0:00:11]} 34. Qg3 {[%emt 0:00:44]} 1-0

[Event "EYCC Open U18 2018"]
[Site "Riga"]
[Date "2018.08.26"]
[Round "6"]
[White "Ozen, Bahadir"]
[Black "Haug, Johannes"]
[Result "1-0"]
[WhiteElo "2302"]
[BlackElo "2398"]
[Annotator "NA"]
[PlyCount "146"]
[EventDate "2018.08.20"]
[EventType "swiss"]
[EventCountry "LAT"]
[SourceTitle "playchess.com"]
[Source "ChessBase"]
[SourceQuality "1"]
[TimeControl "40/5400+30:1800+30"]

1. Nf3 {[%emt 0:00:00]} d5 {[%emt 0:00:00]} 2. d4 {[%emt 0:01:06]} Nf6 {[%emt 0:00:26]} 3. c4 {[%emt 0:00:38]} e6 {[%emt 0:00:30]} 4. Nc3 {[%emt 0:00:52]} Bb4 {[%emt 0:00:18]} 5. e3 {[%emt 0:01:50]} O-O {[%emt 0:02:38]} 6. Bd3 {[%emt 0:01:09]} c5 {[%emt 0:04:05]} 7. cxd5 {[%emt 0:01:33]} exd5 {[%emt 0:02:54] E53: Nimzo-Indian: Rubinstein: Main Line (4...0-0 5 Nf3 d5 6 Bd3 c5 7 0-0)} 8. dxc5 {[%emt 0:00:59]} Nbd7 {[%emt 0:03:20]} (8... Nc6 9. O-O Bg4 10. Na4 Ne4 11. a3 Bxc5 12. h3 Bxf3 13. gxf3 Qg5+ 14. Kh1 Qh4 15. fxe4 Qxh3+ {½-½ (25) So,W (2780)-Wei,Y (2729) chess.com INT 2018}) 9. Bd2 {[%emt 0:00:55]} Nxc5 {[%emt 0:03:03]} 10. Be2 {[%emt 0:00:54]} Ba5 {[%emt 0:19:34]} 11. O-O {[%emt 0:00:46]} a6 {[%emt 0:00:59]} 12. Nxd5 {[%emt 0:03:44]} Nxd5 {[%emt 0:13:32]} 13. Bxa5 {[%emt 0:01:12]} b6 $146 {[%emt 0:00:01]} ({Predecessor:} 13... Qxa5 14. Qxd5 Be6 15. Qh5 {1-0 (77) Vaisser,A (2505)-Pushkov,N (2325) Marianske Lazne 2016}) 14. Bc4 {[%emt 0:07:11]} bxa5 {[%emt 0:08:50]} 15. Qxd5 {[%emt 0:04:23]} Be6 {[%emt 0:08:38]} 16. Qxd8 {[%emt 0:03:32]} Rfxd8 {[%emt 0:00:02]} 17. Rfc1 {[%emt 0:01:38]} Nd3 {[%emt 0:05:22]} 18. Bxd3 {[%emt 0:01:12]} Rxd3 {[%emt 0:00:02]} 19. Rc2 {[%emt 0:07:05]} Rd6 {[%emt 0:05:05]} 20. Nd4 {[%emt 0:01:05]} Bd7 {[%emt 0:00:01]} 21. Rac1 {[%emt 0:11:42]} a4 {[%emt 0:02:03]} 22. h3 {[%emt 0:01:38]} Kf8 {[%emt 0:00:26]} 23. Rc7 {[%emt 0:00:06]} Rb8 {[%emt 0:00:53]} 24. R1c2 {[%emt 0:01:01]} Ke8 {[%emt 0:01:23]} 25. g4 {[%emt 0:01:03]} Rdb6 {[%emt 0:02:59]} 26. b3 {[%emt 0:00:12]} axb3 {[%emt 0:05:54]} 27. axb3 {[%emt 0:00:55]} g6 {[%emt 0:02:15]} 28. Kg2 {[%emt 0:01:34]} h5 {[%emt 0:00:23]} 29. Kg3 {[%emt 0:06:18]} hxg4 {[%emt 0:02:12]} 30. hxg4 {[%emt 0:00:01]} R8b7 {[%emt 0:00:15]} 31. Rxb7 {[%emt 0:11:11]} Rxb7 {[%emt 0:00:02]} 32. Kf4 {[%emt 0:00:01]} Ke7 {[%emt 0:01:09]} 33. f3 {[%emt 0:01:30]} Be8 {[%emt 0:02:27]} 34. Ra2 {[%emt 0:06:20]} Rb6 {[%emt 0:00:15]} 35. Ra5 {[%emt 0:00:07]} Bd7 {[%emt 0:00:49]} 36. Rc5 {[%emt 0:03:27]} Kd6 {[%emt 0:01:23]} 37. Rc3 {[%emt 0:00:27]} Rb7 {[%emt 0:01:34]} 38. Kg5 {[%emt 0:00:38]} Ke7 {[%emt 0:00:45]} 39. f4 {[%emt 0:03:34]} Ra7 {[%emt 0:02:29]} 40. e4 {[%emt 0:00:00]} a5 {[%emt 0:00:00]} 41. Rc5 {[%emt 0:13:46]} a4 {[%emt 0:07:43]} 42. bxa4 {[%emt 0:00:41]} Rxa4 {[%emt 0:00:47]} 43. Re5+ {[%emt 0:00:15]} Kf8 {[%emt 0:00:50]} 44. Rd5 {[%emt 0:00:37]} Ke7 {[%emt 0:03:51]} 45. f5 $16 {[%emt 0:04:25]} gxf5 {[%emt 0:02:55]} 46. gxf5 {[%emt 0:05:35]} f6+ {[%emt 0:02:03]} 47. Kf4 {[%emt 0:03:42]} Ra1 {[%emt 0:03:29]} 48. Nc2 {[%emt 0:00:30]} Ra4 {[%emt 0:00:33]} 49. Rd1 {[%emt 0:02:11]} Bc6 {[%emt 0:01:04]} 50. Nd4 {[%emt 0:00:01]} Bd7 {[%emt 0:00:07]} 51. Rd3 {[%emt 0:00:08]} Rc4 {[%emt 0:02:30]} 52. Ke3 {[%emt 0:00:27]} Ra4 {[%emt 0:00:43]} 53. Rb3 {[%emt 0:01:11]} Kd6 {[%emt 0:01:17]} 54. Rb8 {[%emt 0:00:01]} Ra3+ {[%emt 0:00:55]} 55. Kf4 {[%emt 0:00:02]} Ra4 {[%emt 0:00:26]} 56. Ne2 {[%emt 0:00:22]} Bc6 {[%emt 0:00:44]} 57. Ng3 {[%emt 0:00:01]} Ra8 {[%emt 0:01:23]} 58. Rb2 {[%emt 0:00:01]} Rh8 {[%emt 0:00:11]} 59. Rd2+ {[%emt 0:00:01]} Ke7 {[%emt 0:00:05]} 60. Rd4 {[%emt 0:00:49]} Rh4+ {[%emt 0:00:21]} 61. Kf3 {[%emt 0:00:01]} Rh8 {[%emt 0:00:32]} 62. Ne2 {[%emt 0:00:54]} Rd8 {[%emt 0:00:42]} 63. Rb4 {[%emt 0:00:27]} Ra8 {[%emt 0:01:28]} 64. Nd4 {[%emt 0:00:08]} Ra3+ {[%emt 0:00:17]} 65. Kf4 {[%emt 0:00:02]} Bd7 {[%emt 0:00:36]} 66. Rb6 {[%emt 0:00:41]} Ra4 {[%emt 0:00:28]} 67. Nc2 {[%emt 0:00:24]} Bc8 {[%emt 0:05:45]} 68. Nb4 {[%emt 0:01:34]} Kf7 {[%emt 0:00:09]} 69. Rb8 {[%emt 0:01:58]} Bd7 {[%emt 0:02:07]} 70. Rb7 {[%emt 0:00:29]} Kf8 {[%emt 0:01:19]} 71. Rb6 {[%emt 0:00:01]} Kf7 {[%emt 0:00:40]} 72. Nd5 {[%emt 0:00:00]} Rc4 {[%emt 0:00:23]} 73. Rb7 {[%emt 0:01:20]} Ke8 1-0